Statystyki dla Pytania o geografii!

Kliknij tutaj aby rozwiązać quiz!

Ogólne statystyki

  • Ten quiz został rozwiązany 219 razy
    (206 od ostatniego zresetowania)
  • Średni wynik to 17 z 20

Statystyki odpowiedzi

ZagadnienieOdpowiedź% Poprawnych
Wskaż stolice Finlandii.Helsinki
97%
Wskaż Stolice Luksemburgu.Luksemburg
97%
Kto jest sąsiadem Polski?Rosja
97%
Gdzie leży San Marino?Europa
96%
Teraz pora na położenia geograficzne państw! Gdzie leży Senegal?Afryka
95%
W jakim kraju leży Kopenhaga?Dania
95%
I teraz ostatnia seria pytań! W jakim kraju leży Mińsk?Białoruś
94%
Kto jest sąsiadem Brazylii?Boliwia
94%
Wskaż stolice Stanów Zjednoczonych.Waszyngton
93%
Gdzie leży Meksyk?Ameryka Północna
89%
Gdzie leży Arabia Saudyjska?Azja
89%
W jakim kraju leży Hiroszima?Japonia
87%
Na początku stolice! Wskaż stolice Turcji.Ankara
86%
W jakim kraju leży Buenos Aires?Argentyna
86%
Wskaż stolice Brazylii.Brasilia
84%
W jakim kraju leży Marsylia?Francja
84%
Gdzie leży Nowa Zelandia?Oceania
75%
A teraz czas na sąsiadów! Kto jest sąsiadem Holandii?Niemcy
73%
Kto jest sąsiadem Algierii?Maroko
70%
Kto jest sąsiadem Japonii?Korea Południowa
65%

Rozkład punktacji

Percentyl według liczby udzielonych odpowiedzi

Procent ludzi z każdym wynikiem

Twoja historia wyników

Nie rozwiązałeś tego quizu od ostatniego zresetowania